000 00691nam a2200181Ia 4500
008 151202s9999||||xx |||||||||||||| ||und||
082 _bPNVM-64990
100 _aगाडे सोपान.
245 _aमहाराष्ट्राचे मुख्यमंत्री.
260 _b"अविष्कार प्रकाशन,पुणे."
260 _c2007
300 _a239
600 _aगाडे सोपान.
630 _aमहाराष्ट्राचे मुख्यमंत्री.
700 _aगाडे सोपान.
730 _aमहाराष्ट्राचे मुख्यमंत्री.
942 _cBOOK
999 _c1331523
_d1331520